| 000 | 00442nam a2200193Ia 4500 | ||
|---|---|---|---|
| 003 | 0STCL | ||
| 005 | 20241005151551.0 | ||
| 008 | 150530s9999 xx 000 0 und d | ||
| 040 |
_aSTCL _cSTCL |
||
| 100 | _aThottan Joseph,O. | ||
| 245 | _aസിനോർ മുസോലിനി | ||
| 246 | _aCinor Mussolini | ||
| 250 | _a1 | ||
| 260 |
_c1940 _aTrichur |
||
| 300 | _a0 | ||
| 546 | _aMalayalam | ||
| 942 |
_2ddc _cBK |
||
| 999 |
_c82320 _d82320 |
||